Les 50 états des Etats-Unis par Frontières et Littoraux - Statistiques

Statistiques générales
  • Ce quiz a été pris 150 fois
  • Le résultat moyen est 39 sur 50
Statistiques - réponses
Réponse % Correct
x Dakota du Nord
97%
x Floride
92%
x Caroline du Sud
90%
x Arizona
88%
x Wisconsin
86%
x Alaska
84%
x Idaho
84%
x Washington
84%
x Indiana
83%
x Nouveau-Mexique
83%
x Maryland
82%
x Alabama
81%
x Arkansas
81%
x Connecticut
81%
x Hawaï
81%
x Minnesota
81%
x Ohio
81%
x Vermont
81%
x Louisiane
80%
x Nevada
80%
x Rhode Island
80%
x Caroline du Nord
79%
Géorgie
79%
x Texas
79%
x Dakota du Sud
78%
x Maine
78%
x Montana
78%
x Nebraska
78%
x New Hampshire
78%
x New Jersey
78%
x Oregon
78%
x Delaware
77%
x Utah
77%
x Californie
76%
x Pennsylvanie
75%
x Kansas
74%
x New York
74%
x Tennessee
74%
x Virginie-Occidentale
74%
x Illinois
73%
x Missouri
73%
x Kentucky
71%
x Massachussetts
71%
x Mississippi
71%
x Virginie
71%
x Colorado
70%
x Iowa
70%
x Wyoming
70%
x Michigan
69%
x Oklahoma
69%
Aucun quiz correspondant
Distribution des résultats
% des personnes avec chaque résultat
Percentile par nombre de réponses
Votre historique - résultats
Vous n’avez pas pris ce quiz